Evidence and lessons on the health impacts of public health funding from the fight against HIV/AIDS (Record no. 523660)

000 -LEADER
fixed length control field 01108nam a22001457a 4500
008 - FIXED-LENGTH DATA ELEMENTS--GENERAL INFORMATION
fixed length control field 230918b ||||| |||| 00| 0 eng d
100 ## - MAIN ENTRY--PERSONAL NAME
Personal name Dillender, Marcus
245 ## - TITLE STATEMENT
Title Evidence and lessons on the health impacts of public health funding from the fight against HIV/AIDS
260 ## - PUBLICATION, DISTRIBUTION, ETC. (IMPRINT)
Place of publication, distribution, etc The American Economic Review
300 ## - PHYSICAL DESCRIPTION
Extent 113(7), Jul, 2023: p.1825-1887
520 ## - SUMMARY, ETC.
Summary, etc HIV/AIDS has been one of the largest public health crises in recent history, and the US federal government has spent hundreds of billions of dollars fighting the disease. This study examines the impact of the large amounts of federal funding allocated to US cities to combat HIV/AIDS through the Ryan White CARE Act's first title. The findings indicate that the cost to avoid an HIV/AIDS death through the program is roughly $334,000, that the program has saved approximately 57,000 lives through 2018, and that funding disparities are responsible for the uneven progress in combating HIV/AIDS across the United States.- Reproduced
773 ## - HOST ITEM ENTRY
Main entry heading The American Economic Review
906 ## - LOCAL DATA ELEMENT F, LDF (RLIN)
Subject DIP HEALTH SERVICES
942 ## - ADDED ENTRY ELEMENTS (KOHA)
Item type Articles
Holdings
Withdrawn status Lost status Source of classification or shelving scheme Damaged status Not for loan Permanent location Current location Date acquired Serial Enumeration / chronology Barcode Date last seen Koha item type
          Indian Institute of Public Administration Indian Institute of Public Administration 2023-09-18 113(7), Jul, 2023: p.1825-1887 AR129566 2023-09-18 Articles

Powered by Koha